| 000 | 01039nam a22002537a 4500 | ||
|---|---|---|---|
| 005 | 20180228135702.0 | ||
| 010 | _a1617EN ENG-117811 | ||
| 020 |
_a9781107109544 _c800.00 |
||
| 035 | _aB-650106-111 | ||
| 035 | _aEN-101343 | ||
| 035 | _aB-664929 | ||
| 037 |
_bUPPAL _aDPL |
||
| 037 | _bDBAD/PUB | ||
| 082 |
_a338.954 _bTAN |
||
| 100 | _aTantri, Malini L. | ||
| 245 |
_aSpecial economic zones in India: _cby Malini L.Tantri _bpolicy, performance and prospects / |
||
| 260 |
_c2016 _aNew Delhi _bCambridge University Press |
||
| 270 |
_a4843/24, 2nd floor,Anasari Road, Darya Ganj _bNew Delhi _e110002 |
||
| 300 |
_c23cm(HB) _axvii,167p. |
||
| 500 | _aincluds index | ||
| 942 |
_cEN _2ddc _h338.954 _mTAN |
||
| 999 |
_c102253 _d102253 |
||